000
00204nam a22000977a 4500
008
150520b xxu||||| |||| 00| 0 eng d
020
_a
0393955699
041
0
_a
eng
080
_a
31
100
1
_a
Mansfield, Edwin.
999
_c
858
_d
858